50 states 5000 ideas : (Record no. 358136)
[ view plain ]
| 000 -LEADER | |
|---|---|
| fixed length control field | 00657nam a2200229Ia 4500 |
| 008 - FIXED-LENGTH DATA ELEMENTS--GENERAL INFORMATION | |
| fixed length control field | 180628s9999 xx 000 0 und d |
| 020 ## - INTERNATIONAL STANDARD BOOK NUMBER | |
| International Standard Book Number | 978-1-4262-1690-9 |
| 050 ## - LIBRARY OF CONGRESS CALL NUMBER | |
| Classification number | REF E 158 |
| 050 ## - LIBRARY OF CONGRESS CALL NUMBER | |
| Item number | .Y64 2017 |
| 100 ## - MAIN ENTRY--PERSONAL NAME | |
| Personal name | Yogerst, Joe. |
| 245 #0 - TITLE STATEMENT | |
| Title | 50 states 5000 ideas : |
| 245 #0 - TITLE STATEMENT | |
| Remainder of title | where to go, when to go, what to see, what to do / |
| 245 #0 - TITLE STATEMENT | |
| Statement of responsibility, etc | text by Joe Yogerst / |
| 260 ## - PUBLICATION, DISTRIBUTION, ETC. (IMPRINT) | |
| Place of publication, distribution, etc | Washington, D. C. : |
| 260 ## - PUBLICATION, DISTRIBUTION, ETC. (IMPRINT) | |
| Name of publisher, distributor, etc | National Geographic, |
| 260 ## - PUBLICATION, DISTRIBUTION, ETC. (IMPRINT) | |
| Date of publication, distribution, etc | 2017 |
| 300 ## - PHYSICAL DESCRIPTION | |
| Extent | 287 pages: |
| 300 ## - PHYSICAL DESCRIPTION | |
| Other physical details | colored illustrations ; |
| 300 ## - PHYSICAL DESCRIPTION | |
| Dimensions | 23 cm. |
| 650 ## - SUBJECT ADDED ENTRY--TOPICAL TERM | |
| Topical term or geographic name as entry element | United States -- Guidebooks. |
| 650 ## - SUBJECT ADDED ENTRY--TOPICAL TERM | |
| General subdivision | United States -- Description and travel. |
| Withdrawn status | Lost status | Damaged status | Home library | Current library | Shelving location | Date acquired | Cost, normal purchase price | Total Checkouts | Full call number | Barcode | Date last seen | Price effective from | Koha item type |
|---|---|---|---|---|---|---|---|---|---|---|---|---|---|
| South Mansfield College | South Mansfield College | Reference Section | 06/20/2018 | 839.20 | REF E 158 .Y64 2017 | SMC06148 | 06/28/2018 | 06/28/2018 | Books |